000
00240nam a22001097a 4500
082
_a
658.2 IMM'M
100
_a
IMMER, JOHN R
_9
57003
245
_a
MATERIALS HANDLING
260
_a
NEWYORK
_b
MCGRAW HILL
_c
1953
300
_a
591P
942
_c
BK
999
_c
567320
_d
567320